Современная кадровая политика в библиотечном деле (Запись № 1712480)

Подробности
000 -МАРКЕР
контрольное поле 01765nam0a2200361 4500
001 - ИДЕНТИФИКАТОР ЗАПИСИ
контрольное поле RU\NLR\bibl\1203714
005 - ИДЕНТИФИКАТОР ВЕРСИИ
контрольное поле 20260407104924.0
010 ## - МЕЖДУНАРОДНЫЙ СТАНДАРТНЫЙ НОМЕР КНИГИ (ISBN)
Номер (ISBN) 978-5-7645-0327-1
Тираж 100
021 ## - НОМЕР ГОСУДАРСТВЕННОЙ РЕГИСТРАЦИИ
Код страны Российская Федерация
Номер 2008-5339
Номер Листа государственной регистраци 286
035 ## - ДРУГИЕ СИСТЕМНЫЕ НОМЕРА
Идентификатор записи (NLR Aleph) 001190200
100 ## - ДАННЫЕ ОБЩЕЙ ОБРАБОТКИ
Данные общей обработки 20080320d2007 |||y0rusy50 ca
101 0# - ЯЗЫК РЕСУРСА
Язык текста, звукозаписи и т.д. русский
102 ## - СТРАНА ПУБЛИКАЦИИ ИЛИ ПРОИЗВОДСТВА
Страна публикации Российская Федерация
105 ## - ПОЛЕ КОДИРОВАННЫХ ДАННЫХ: ТЕКСТОВЫЕ МАТЕРИАЛЫ, МОНОГРАФИЧЕСКИЕ
Кодированные данные о монографическом текстовом документе y |||||||||
200 1# - ЗАГЛАВИЕ И СВЕДЕНИЯ ОБ ОТВЕТСТВЕННОСТИ
Основное заглавие Современная кадровая политика в библиотечном деле
Сведения, относящиеся к заглавию библиографический указатель (1992-2005 гг.)
Первые сведения об ответственности Респ. мед. библ.-информ. центр М-ва здравоохранения Респ. Татарстан
Последующие сведения об ответственности [сост.: д.п.н. Ю.Н. Дрешен]
210 ## - ПУБЛИКАЦИЯ, РАСПРОСТРАНЕНИЕ И ДР.
Место издания, распространения и т.д. Казань
Имя издателя, распространителя и т. д. Медицина
Дата издания, распространения и т.д. 2007
215 ## - ФИЗИЧЕСКАЯ ХАРАКТЕРИСТИКА
Специфическое обозначение материала и объем 162, [2] с.
Размеры 21
320 ## - ПРИМЕЧАНИЯ О НАЛИЧИИ В ДОКУМЕНТЕ БИБЛИОГРАФИИ / УКАЗАТЕЛЯ
Текст примечания Имен. указ.: с. 143-154
320 ## - ПРИМЕЧАНИЯ О НАЛИЧИИ В ДОКУМЕНТЕ БИБЛИОГРАФИИ / УКАЗАТЕЛЯ
Текст примечания Предм.-темат. указ.: с. 155-163
606 1# - НАИМЕНОВАНИЕ ТЕМЫ КАК ПРЕДМЕТ
Наименование темы Библиотечные кадры
Формальный подзаголовок Библиография
Тематический подзаголовок Подготовка
Системный номер авторитетной/нормативной записи 2360881
Идентификатор авторитетной/нормативной записи RU\NLR\auth\661409811
606 1# - НАИМЕНОВАНИЕ ТЕМЫ КАК ПРЕДМЕТ
Наименование темы Библиотечные кадры
Формальный подзаголовок Библиография
Тематический подзаголовок Повышение квалификации
Системный номер авторитетной/нормативной записи 2264747
Идентификатор авторитетной/нормативной записи RU\NLR\auth\661357699
686 ## - ИНДЕКСЫ ДРУГИХ КЛАССИФИКАЦИЙ
Индекс Ч73р
686 ## - ИНДЕКСЫ ДРУГИХ КЛАССИФИКАЦИЙ
Индекс Ч489.56
702 #1 - ИМЯ ЛИЦА - ВТОРИЧНАЯ ОТВЕТСТВЕННОСТЬ
Код отношения Составитель
Материалы, к которым относится поле rus
Графика поля Кириллица
Начальный элемент ввода Дрешер
Часть имени, кроме начального элемента ввода Ю. Н.
Даты 1953-
Расширение инициалов личного имени Юлия Николаевна
Идентификатор авторитетной/нормативной записи RU\NLR\AUTH\7713119
Системный номер авторитетной/нормативной записи 122820
712 02 - НАИМЕНОВАНИЕ ОРГАНИЗАЦИИ - ВТОРИЧНАЯ ОТВЕТСТВЕННОСТЬ
Код отношения Прочие
Начальный элемент ввода Татарстанский республиканский медицинский библиотечно-информационный центр
Идентифицирующий признак Казань
Идентификатор авторитетной/нормативной записи RU\NLR\AUTH\8810060538
Системный номер авторитетной/нормативной записи 622441
801 #0 - ИСТОЧНИК ЗАПИСИ
Страна Российская Федерация
Организация NLR
Дата составления 20080320
Правила каталогизации RCR
801 #1 - ИСТОЧНИК ЗАПИСИ
Страна Российская Федерация
Организация NLR
Дата составления 20080320
830 ## - ОБЩЕЕ ПРИМЕЧАНИЕ, СОСТАВЛЕННОЕ КАТАЛОГИЗАТОРОМ
Текст примечания сост. по кн.
942 ## - ДОПОЛНИТЕЛЬНЫЕ ЭЛЕМЕНТЫ ЗАПИСИ (АБИС)
Тип экземпляра АБИС Книга
980 ## - КОЛЛЕКЦИЯ
Название коллекции Национальная библиография
980 ## - КОЛЛЕКЦИЯ
Название коллекции НБР
Экземпляры
Тип экземпляра Дата поступления Источник поступления Библиотека постоянного хранения Библиотека текущего хранения Место хранения Шифр хранения Штрих-код Статус экземпляра
Книга 20.03.2008 Обязательный экземпляр РНБ (Садовая) РНБ (Садовая) Фонд литературы по библиотековедению Б Б590/С-56 2633038  
Книга 20.03.2008 Обязательный экземпляр РНБ (Садовая) РНБ (Садовая) Фонд литературы по библиотековедению Б Б590/С-56 2633039